| 000 | 00535nam a22001817a 4500 | ||
|---|---|---|---|
| 005 | 20170515121935.0 | ||
| 010 | _aENG-118148 | ||
| 020 |
_a9789385285684 _c395.00 |
||
| 035 | _aEN-101680 | ||
| 037 | _bDBAD/PUB | ||
| 082 | _aS | ||
| 100 | _aDasgupta, Siddharth | ||
| 245 |
_aThe sacred sorrow of sparrows _cby Siddharth Dasgupta _bA collections of lives / |
||
| 260 |
_aNew Delhi _bNiyogi Books _c2017 |
||
| 270 | _aD-78, Okhla Industrial Area, Phase-I New Delhi-110020 | ||
| 300 |
_a253p _c23cm.(Hb) |
||
| 942 |
_2ddc _cEN _hS _mDAS |
||
| 999 |
_c139868 _d139868 |
||